000 00888nam a2200265Ia 4500
003 OSt
005 20220918171958.0
006 a|||||r|||| 00| 0
007 ta
008 220917b |||||||| |||| 00| 0 eng d
020 _a9788193145302 (hbk)
_cINR 800.00
024 _a317,317
037 _b1367, 14/03/2017, Bright Book Service
_cTextual
040 _aARTS
_cARTS
_beng
041 _2eng
_aeng
082 _a22:8.281, Q6
100 _aMangla P. B.
_939645
245 0 _aPublic library service in Delhi
_b present status and development plan 2010 - 2020
260 _aKolkata
_bRaja Rammohun Roy Library Foundation India
_c2012
300 _axii,487p.
_ccm.
490 _vPart 1
650 _aLIBRARY SCIENCE; PUBLIC LIBRARIES - DELHI
_939646
942 _h22:8.281, Q6
_cTEXL
_2CC
999 _c142120
_d142120